000 00324 a2200157 4500
001 187584
020 _a
040 _cMagnum
100 _aCasasanta, Therezinha
240 1 0 _aTico vai à cidade
_lpor
245 1 0 _aTico vai à cidade
300 _a32
362 0 _a1994
697 _aLITERATURA INFANTO
942 _cBK
999 _c187584
_d187584